| 000 | 00986cai a22001815a 4500 | ||
|---|---|---|---|
| 001 | L147486 | ||
| 008 | 090515u xxk g 000 0 eng d | ||
| 035 | _a(Sirsi) u147486 | ||
| 041 | 0 | _aeng | |
| 110 | 2 |
_aScotland _bScottish Housing Regulator _95731 |
|
| 245 | 0 | 0 |
_aScottish Housing Regulator _h[electronic resource] |
| 520 | _aWebsite for this organisation which regulates social landlords in Scotland, and protects the interests of tenants and those who have bought a property from a housing association or council. Includes links to the regsiter of social landlords, guidance and statistics, as well as publications and reports and news items. | ||
| 590 | _aKA | ||
| 651 | 4 |
_aScotland _y1999- |
|
| 690 | _aPROPERTY-RESIDENTIAL PROPERTY-DOMESTIC RESIDENTIAL PROPERTY-HOUSING | ||
| 856 | 4 | 0 |
_uhttps://www.scottishhousingregulator.gov.uk/stellent/groups/public/documents/webpages/shr_homepage.hcsp _zView the website free of charge at www.scottishhousingregulator.gov.uk... |
| 942 | _n0 | ||
| 999 |
_c120793 _d120793 |
||